| 000 | 01623nam0a2200337 i 4500 | ||
|---|---|---|---|
| 001 | RU\NLR\BIBL_A\09994403 | ||
| 005 | 20240921193229.0 | ||
| 010 |
_a9785160024301 _9400 |
||
| 021 |
_aRU _b2013-75487 _95187 |
||
| 035 | _a(NLR Aleph) 009994403 | ||
| 090 |
_a9751681 _c9751681 |
||
| 100 | _a20131031d2014 u y0rusy50 ca | ||
| 101 | 0 | _arus | |
| 102 | _aRU | ||
| 105 | _aa|||||||||||| | ||
| 200 | 1 |
_aОрганизационное проектирование _eучебник _eдля слушателей образовательных учреждений, обучающихся по программе МВА и другим программам подготовки управляющих кадров _fВ. А. Баринов _gИн-т экономики и финансов "Синергия" |
|
| 210 |
_aМосква _cИНФРА-М _d2014 [т.е. 2013] |
||
| 215 |
_a383, [1] с. _cил. _d22 см |
||
| 225 | 2 | _aСерия учебников для программы MBA (Master of Business Administration) | |
| 300 | _aКн. фактически изд. в 2013 г. | ||
| 320 | _aБиблиогр. в конце гл. | ||
| 606 | 1 |
_aОрганизационное проектирование _jУчебники _92184537 _3RU\NLR\AUTH\661313457 |
|
| 610 | 0 | _aорганизационное проектирование | |
| 686 | 1 | _aУ29(0)я7 | |
| 700 | 1 |
_aБаринов _bВ.А. _gВладимир Александрович |
|
| 801 | 0 |
_aRU _bRuMoRKP _c20111201 _gRCR |
|
| 801 | 2 |
_aRU _bРГБ _c20130918 _grcr |
|
| 801 | 1 |
_aRU _bRuMoRKP _c20111201 _2rusmarc |
|
| 942 | _cBOOK | ||
| 980 | _aNBR | ||